00329nam a2200121Ia 4500008004100000041000800041082001200049100002400061245004500085260003400130300003200164365001100196240624s9999 xx 000 0 und d aeng a920 FAR aFAROOQI MEHR AFSHAN aTWO SIDED CANVAS PERSPECTIVES ON AHMED A c2013aNew DelhibOxford India axvii, : 215 : p. : cm. ; 22 cRSb31